[Event "World-chT Rapid"]
[Site "Dusseldorf"]
[Date "2023.08.26"]
[Round "4.13"]
[White "Iashvili, Akaki"]
[Black "Purton, Benjamin"]
[Result "1/2-1/2"]
[WhiteElo "2342"]
[BlackElo "2163"]
[PlyCount "33"]
[EventDate "2023.08.26"]
[EventType "team-swiss (rapid)"]
[EventRounds "12"]
[EventCountry "GER"]
[SourceTitle "CBM 215 Extra"]
[Source "ChessBase"]
[SourceDate "2023.09.30"]
[SourceVersion "1"]
[SourceVersionDate "2023.09.30"]
[SourceQuality "1"]
[WhiteTeam "FIDE Management Board"]
[BlackTeam "The Sharks"]
[BlackTeamCountry "ENG"]

1. d4 Nf6 2. c4 g6 3. Nc3 d5 4. cxd5 Nxd5 5. e4 Nxc3 6. bxc3 Bg7 7. Nf3 c5 8. Rb1 0-0 9. Be2 Nc6 10. d5 Bxc3+ 11. Bd2 Bxd2+ 12. Qxd2 Nd4 13. Nxd4 cxd4 14. Qxd4 Qa5+ 15. Qd2 Qxd2+ 16. Kxd2 Rd8 17. Ke1 1/2-1/2

[Event "BCF-chT 2122 (4NCL)"]
[Site "England"]
[Date "2021.11.28"]
[Round "2.123"]
[White "Villiers, Thomas"]
[Black "Purton, Benjamin"]
[Result "1-0"]
[WhiteElo "2202"]
[BlackElo "2140"]
[PlyCount "37"]
[EventDate "2021.11.27"]
[EventType "team-swiss"]
[EventRounds "11"]
[EventCountry "ENG"]
[SourceTitle "EXT 2023"]
[Source "ChessBase"]
[SourceDate "2022.10.05"]
[SourceVersion "1"]
[SourceVersionDate "2022.10.05"]
[SourceQuality "1"]
[WhiteTeam "Barnet Knights"]
[BlackTeam "The Sharks II"]
[WhiteTeamCountry "ENG"]
[BlackTeamCountry "ENG"]

1. Nf3 Nf6 2. e3 d5 3. c4 e6 4. b3 Be7 5. Bb2 Nbd7 6. Be2 b6 7. 0-0 Bb7 8. d4 Ne4 9. Nbd2 Ndf6 10. Ne5 0-0 11. Rc1 dxc4 12. Bxc4 Nxd2 13. Qxd2 c5 14. Rfd1 cxd4 15. Qe2 Qb8 16. exd4 Rd8 17. Nxf7 Kxf7 18. Qxe6+ Ke8 19. Qf7+ 1-0

[Event "BCF-chT 2122 (4NCL)"]
[Site "England"]
[Date "2021.11.27"]
[Round "1.93"]
[White "Purton, Benjamin"]
[Black "Taylor, Martin R"]
[Result "0-1"]
[WhiteElo "2140"]
[BlackElo "2343"]
[PlyCount "81"]
[EventDate "2021.11.27"]
[EventType "team-swiss"]
[EventRounds "11"]
[EventCountry "ENG"]
[SourceTitle "EXT 2023"]
[Source "ChessBase"]
[SourceDate "2022.10.05"]
[SourceVersion "1"]
[SourceVersionDate "2022.10.05"]
[SourceQuality "1"]
[WhiteTeam "The Sharks II"]
[BlackTeam "Barbican"]
[WhiteTeamCountry "ENG"]
[BlackTeamCountry "ENG"]

1. d4 d5 2. Nf3 Nf6 3. e3 e6 4. Nbd2 b6 5. Ne5 Bb7 6. Bd3 Nbd7 7. f4 g6 8. 0-0 Bg7 9. Qe2 0-0 10. Ba6 Qc8 11. Bxb7 Qxb7 12. g4 c5 13. c3 Ne8 14. Qb5 Nxe5 15. fxe5 f6 16. dxc5 fxe5 17. Rxf8+ Bxf8 18. cxb6 e4 19. Qe2 axb6 20. Nb3 Nd6 21. Nd4 Qd7 22. h3 e5 23. Nc2 Nf7 24. Bd2 Ng5 25. Kg2 Bd6 26. Be1 Rf8 27. Bg3 Rf3 28. Rf1 h5 29. Bh4 Rxf1 30. Qxf1 Nf3 31. Bg3 hxg4 32. hxg4 Qxg4 33. Ne1 Nh4+ 34. Kh2 Nf5 35. Bf2 Bc5 36. Qb5 Qh5+ 37. Kg1 Nxe3 38. Qe8+ Kg7 39. b4 Qg4+ 40. Kh2 Qf4+ 41. Kg1 0-1

[Event "World Corporate East C"]
[Site "Chess.com INT"]
[Date "2021.02.20"]
[Round "4.7"]
[White "Deshpande, Jaywant"]
[Black "Purton, Benjamin"]
[Result "0-1"]
[WhiteElo "1271"]
[BlackElo "2154"]
[PlyCount "57"]
[EventDate "2021.02.19"]
[EventType "team (rapid)"]
[EventRounds "7"]
[EventCountry "USA"]
[SourceTitle "EXT 2022"]
[Source "ChessBase"]
[SourceDate "2021.10.06"]
[SourceVersion "1"]
[SourceVersionDate "2021.10.06"]
[SourceQuality "1"]
[WhiteTeam "E Zest Solutions"]
[BlackTeam "RingCentral"]
[WhiteTeamCountry "IND"]
[BlackTeamCountry "ENG"]

1. d4 d5 2. Bf4 Nf6 3. e3 e6 4. Nf3 c5 5. c3 Nc6 6. Nbd2 Bd6 7. Bg3 0-0 8. Bd3 Re8 9. Ne5 Qc7 10. f4 b6 11. e4 cxd4 12. Nxc6 dxe4 13. Nxe4 Qxc6 14. Nxf6+ gxf6 15. Qg4+ Kh8 16. Bh4 Be7 17. Qh5 f5 18. 0-0-0 dxc3 19. b3 Qc5 20. Bxe7 Qxe7 21. Kc2 Bb7 22. Rhg1 Qa3 23. Kxc3 Qxa2 24. Qxf7 Rac8+ 25. Bc4 Rxc4+ 26. bxc4 Qa3+ 27. Kd2 Rd8+ 28. Ke1 Qe3+ 29. Kf1 0-1

[Event "English Online Blitz Gp1"]
[Site "Chess.com INT"]
[Date "2020.05.09"]
[Round "1"]
[White "Bedi, Adam"]
[Black "Purton, Benjamin"]
[Result "0-1"]
[WhiteElo "1803"]
[BlackElo "2154"]
[PlyCount "70"]
[EventDate "2020.05.09"]
[EventType "swiss (blitz)"]
[EventRounds "11"]
[EventCountry "ENG"]
[SourceTitle "CBM 196 Extra"]
[Source "ChessBase"]
[SourceDate "2020.07.31"]
[SourceVersion "1"]
[SourceVersionDate "2020.07.31"]
[SourceQuality "1"]

1. e4 d6 2. d4 Nf6 3. Nc3 c6 4. Nf3 Bg4 5. Be3 e6 6. h3 Bxf3 7. gxf3 d5 8. e5 Nfd7 9. f4 c5 10. Qg4 g6 11. h4 h5 12. Qe2 Nc6 13. 0-0-0 cxd4 14. Bxd4 Nxd4 15. Rxd4 Bc5 16. Rd1 Rc8 17. f3 a6 18. Qd3 Qe7 19. Ne2 b5 20. Nd4 Bxd4 21. Qxd4 Qc5 22. Qxc5 Rxc5 23. a4 Ke7 24. axb5 axb5 25. c3 b4 26. Rd3 Rhc8 27. Kd2 Nb6 28. cxb4 Rc2+ 29. Ke3 Nc4+ 30. Kd4 Nxb2 31. Rb3 Nc4 32. Bxc4 dxc4 33. Rc3 Rd8+ 34. Kxc4 Rc8+ 35. Kd4 R2xc3 0-1

[Event "English Online Blitz Gp1"]
[Site "Chess.com INT"]
[Date "2020.05.09"]
[Round "3"]
[White "Purton, Benjamin"]
[Black "Rendle, Thomas E"]
[Result "1/2-1/2"]
[WhiteElo "2154"]
[BlackElo "2365"]
[PlyCount "45"]
[EventDate "2020.05.09"]
[EventType "swiss (blitz)"]
[EventRounds "11"]
[EventCountry "ENG"]
[SourceTitle "CBM 196 Extra"]
[Source "ChessBase"]
[SourceDate "2020.07.31"]
[SourceVersion "1"]
[SourceVersionDate "2020.07.31"]
[SourceQuality "1"]

1. d4 f5 2. Nc3 Nf6 3. Bg5 d5 4. Bxf6 exf6 5. e3 Be6 6. Bd3 Nc6 7. Qf3 Qd7 8. a3 Ne7 9. Nge2 0-0-0 10. h4 h5 11. 0-0-0 Kb8 12. Nf4 Bf7 13. Bb5 c6 14. Ba4 Nc8 15. Nd3 b6 16. b4 Nd6 17. Bb3 Ne4 18. Kb2 Bd6 19. g3 Rhe8 20. Nf4 Rh8 21. Qe2 Qe7 22. Nxe4 fxe4 23. c4 1/2-1/2

[Event "English Online Blitz Gp1"]
[Site "Chess.com INT"]
[Date "2020.05.09"]
[Round "5"]
[White "Purton, Benjamin"]
[Black "Waterfield, Mark"]
[Result "1-0"]
[WhiteElo "2154"]
[BlackElo "1641"]
[PlyCount "65"]
[EventDate "2020.05.09"]
[EventType "swiss (blitz)"]
[EventRounds "11"]
[EventCountry "ENG"]
[SourceTitle "CBM 196 Extra"]
[Source "ChessBase"]
[SourceDate "2020.07.31"]
[SourceVersion "1"]
[SourceVersionDate "2020.07.31"]
[SourceQuality "1"]

1. e4 e5 2. Nf3 Nc6 3. d4 exd4 4. Nxd4 Bc5 5. Be3 Nxd4 6. Bxd4 Bxd4 7. Qxd4 Qf6 8. e5 Qb6 9. Qc3 Qc6 10. f4 Ne7 11. Qxc6 dxc6 12. c4 Bf5 13. Nc3 0-0-0 14. Be2 h5 15. Rd1 Rxd1+ 16. Nxd1 Rd8 17. Ne3 Bd3 18. Bxh5 g6 19. Be2 b5 20. cxb5 cxb5 21. Bxd3 Rxd3 22. Ke2 Rd4 23. g3 Rb4 24. b3 Rd4 25. Rd1 Rxd1 26. Kxd1 Kb7 27. Ke2 c5 28. h4 Kc6 29. g4 Kd7 30. Kf3 Ke6 31. Ke4 f5+ 32. exf6 Kxf6 33. Nd5+ 1-0

[Event "BCF-chTb 1920 (4NCL)"]
[Site "Daventry"]
[Date "2020.02.09"]
[Round "6.87"]
[White "Purton, Benjamin"]
[Black "Connell, Blair N"]
[Result "1/2-1/2"]
[WhiteElo "2138"]
[BlackElo "2239"]
[PlyCount "34"]
[EventDate "2019.11.09"]
[EventType "team-tourn"]
[EventRounds "11"]
[EventCountry "ENG"]
[SourceTitle "CBM 194 Extra"]
[Source "ChessBase"]
[SourceDate "2020.03.31"]
[SourceVersion "1"]
[SourceVersionDate "2020.03.31"]
[SourceQuality "1"]
[WhiteTeam "Grantham Sharks"]
[BlackTeam "Cheddleton"]
[WhiteTeamCountry "ENG"]
[BlackTeamCountry "ENG"]

1. e4 d6 2. d4 Nf6 3. Nc3 e5 4. Nf3 Nbd7 5. Bc4 Be7 6. 0-0 c6 7. a4 Qc7 8. Re1 0-0 9. h3 b6 10. Ba2 a6 11. Be3 Bb7 12. Nh4 g6 13. Nf3 Rfe8 14. Ng5 Rf8 15. Nf3 Rfe8 16. Ng5 Rf8 17. Nf3 Qd8 1/2-1/2

[Event "BCF-chT2b 1819 (4NCL)"]
[Site "England"]
[Date "2019.02.10"]
[Round "6.85"]
[White "Purton, Benjamin"]
[Black "Menzies, Colin"]
[Result "0-1"]
[WhiteElo "2131"]
[BlackElo "2170"]
[PlyCount "31"]
[EventDate "2018.11.10"]
[EventType "team-tourn"]
[EventRounds "11"]
[EventCountry "ENG"]
[SourceTitle "EXT 2021"]
[Source "ChessBase"]
[SourceDate "2020.10.23"]
[SourceVersion "1"]
[SourceVersionDate "2020.10.23"]
[SourceQuality "1"]
[WhiteTeam "Grantham Sharks II"]
[BlackTeam "Gonzaga"]
[WhiteTeamCountry "ENG"]
[BlackTeamCountry "ENG"]

1. e4 c6 2. d4 d5 3. exd5 cxd5 4. c4 Nf6 5. Nc3 Nc6 6. Bg5 Be6 7. Nge2 Qa5 8. c5 Ne4 9. Be3 b6 10. cxb6 axb6 11. f3 Nxc3 12. bxc3 Bf5 13. Kf2 Qa4 14. Qxa4 Rxa4 15. Nf4 Ra5 16. Rb1 0-1

[Event "EU-Cup 34th"]
[Site "Porto Carras"]
[Date "2018.10.17"]
[Round "6.6"]
[White "Purton, Benjamin"]
[Black "Kelo, Kauko1111"]
[Result "1-0"]
[WhiteElo "2115"]
[BlackElo "1592"]
[PlyCount "91"]
[EventDate "2018.10.12"]
[EventType "team-swiss"]
[EventRounds "7"]
[EventCountry "GRE"]
[SourceTitle "CBM 187"]
[Source "ChessBase"]
[SourceDate "2018.12.11"]
[SourceVersion "1"]
[SourceVersionDate "2018.12.11"]
[SourceQuality "1"]
[WhiteTeam "Grantham Sharks"]
[BlackTeam "Comeon"]
[WhiteTeamCountry "ENG"]
[BlackTeamCountry "FIN"]

1. d4 f5 2. Nc3 Nf6 3. Bg5 d6 4. Bxf6 exf6 5. e3 Be6 6. Bd3 d5 7. Qf3 Qd7 8. Nge2 Bb4 9. Nf4 g6 10. h4 Nc6 11. h5 0-0-0 12. Nxe6 Qxe6 13. 0-0-0 Bxc3 14. bxc3 Kb8 15. Kd2 Ne7 16. Rb1 g5 17. g3 g4 18. Qf4 Qd6 19. h6 Rhg8 20. Rh5 Qxf4 21. exf4 Rg6 22. Re1 Ng8 23. Bxf5 Rxh6 24. Reh1 Rxh5 25. Rxh5 h6 26. Bxg4 Rd6 27. Bf3 c6 28. Be2 Kc7 29. Bd3 Rd7 30. Ke3 Re7+ 31. Kf3 Rg7 32. c4 dxc4 33. Bxc4 Kd6 34. Bxg8 Rxg8 35. Rxh6 Kd5 36. Ke3 Re8+ 37. Kd3 Re6 38. c4+ Kd6 39. f5 Re1 40. Rxf6+ Kd7 41. Rf7+ Ke8 42. Rxb7 Rd1+ 43. Ke4 Re1+ 44. Kf4 Re2 45. Rxa7 Rxf2+ 46. Ke5 1-0

[Event "BCF-chT1c 1718 (4NCL) Promotion pool"]
[Site "England"]
[Date "2018.03.18"]
[Round "8.45"]
[White "Purton, Benjamin"]
[Black "Arkell, Keith C"]
[Result "0-1"]
[WhiteElo "2109"]
[BlackElo "2416"]
[PlyCount "118"]
[EventDate "2017.01.11"]
[EventType "team-swiss"]
[EventRounds "11"]
[EventCountry "ENG"]
[SourceTitle "EXT 2019"]
[Source "ChessBase"]
[SourceDate "2018.10.10"]
[SourceVersion "1"]
[SourceVersionDate "2018.10.10"]
[SourceQuality "1"]
[WhiteTeam "Grantham Sharks"]
[BlackTeam "Cheddleton"]
[WhiteTeamCountry "ENG"]
[BlackTeamCountry "ENG"]

1. e4 c5 2. Nf3 d6 3. Bb5+ Nd7 4. 0-0 Ngf6 5. e5 dxe5 6. Nxe5 a6 7. Nxd7 Bxd7 8. Bxd7+ Qxd7 9. Nc3 e6 10. d3 Be7 11. Qf3 0-0 12. Re1 b5 13. Bg5 h6 14. Bf4 Rfd8 15. Be5 Nd5 16. Qg4 Bf8 17. Nxd5 Qxd5 18. Re3 g6 19. c4 bxc4 20. dxc4 Qd2 21. Bc3 Qd6 22. Be5 Qe7 23. Rd1 Qg5 24. Qe2 Rxd1+ 25. Qxd1 Rd8 26. Qa4 Bg7 27. Bxg7 Kxg7 28. g3 Rd2 29. Rf3 Qe5 30. Qe8 Qc7 31. Qa8 Rxb2 32. Qxa6 Qd7 33. Kg2 Rc2 34. Qb5 Qa7 35. a3 Rd2 36. Qc6 Rd1 37. Qe4 Rd4 38. Qe5+ Kh7 39. Qf6 Kg8 40. Rb3 Qa8+ 41. f3 Rd8 42. Qe7 Qa5 43. Rb7 Rf8 44. Rb5 Qd2+ 45. Kh3 Qd3 46. f4 Qf1+ 47. Kg4 Qxc4 48. Rxc5 Qa2 49. Kh3 Qxa3 50. Rc7 Qf3 51. Rd7 Qf1+ 52. Kg4 Qe2+ 53. Kh3 Kg7 54. Rc7 Qf1+ 55. Kg4 Qe2+ 56. Kh3 Qh5+ 57. Kg2 Qd5+ 58. Kh3 Qf5+ 59. Kh4 Qh5# 0-1

[Event "BCF-chT2a 1718 (4NCL)"]
[Site "England"]
[Date "2017.11.11"]
[Round "1.34"]
[White "Purton, Benjamin"]
[Black "Pedersen, Carsten"]
[Result "1/2-1/2"]
[WhiteElo "2109"]
[BlackElo "2144"]
[PlyCount "42"]
[EventDate "2017.11.11"]
[EventType "team-tourn"]
[EventRounds "7"]
[EventCountry "ENG"]
[SourceTitle "EXT 2020"]
[Source "ChessBase"]
[SourceDate "2019.10.17"]
[SourceVersion "1"]
[SourceVersionDate "2019.10.17"]
[SourceQuality "1"]
[WhiteTeam "Grantham Sharks II"]
[BlackTeam "Celtic Tigers"]
[WhiteTeamCountry "ENG"]
[BlackTeamCountry "ENG"]

1. e4 e6 2. d4 d5 3. Nd2 c5 4. exd5 Qxd5 5. Ngf3 cxd4 6. Bc4 Qd6 7. 0-0 Nf6 8. Nb3 Nc6 9. Nbxd4 Nxd4 10. Qxd4 Qxd4 11. Nxd4 Bd7 12. Re1 Rc8 13. b3 Bc5 14. c3 Bxd4 15. cxd4 Bc6 16. Bg5 Nd5 17. Bxd5 Bxd5 18. Rac1 Kd7 19. g3 b6 20. Bd2 a5 21. f3 Rxc1 1/2-1/2

[Event "BCF-chT1c 1617 (4NCL) Promotion pool"]
[Site "England"]
[Date "2017.05.01"]
[Round "11.45"]
[White "Purton, Benjamin"]
[Black "Flear, Glenn C"]
[Result "0-1"]
[WhiteElo "2108"]
[BlackElo "2430"]
[PlyCount "48"]
[EventDate "2016.11.19"]
[EventType "team-tourn"]
[EventRounds "4"]
[EventCountry "ENG"]
[SourceTitle "EXT 2018"]
[Source "ChessBase"]
[SourceDate "2017.10.13"]
[SourceVersion "1"]
[SourceVersionDate "2017.10.13"]
[SourceQuality "1"]
[WhiteTeam "Grantham Sharks"]
[BlackTeam "Guildford II"]
[WhiteTeamCountry "ENG"]
[BlackTeamCountry "ENG"]

1. e4 e5 2. Nf3 Nc6 3. d4 exd4 4. Nxd4 Bc5 5. Be3 Qf6 6. c3 Nge7 7. g3 h5 8. h3 d5 9. Bg2 dxe4 10. Nb5 Bxe3 11. Nxc7+ Kf8 12. 0-0 Rb8 13. fxe3 Qe5 14. Qb3 f6 15. Nb5 Qxg3 16. Nd2 Bxh3 17. Rf2 Bxg2 18. Rxg2 Qxe3+ 19. Kh1 Rd8 20. Nc4 Qh3+ 21. Kg1 Rh6 22. Nc7 Rg6 23. Rxg6 Nxg6 24. Qxb7 Nf4 0-1

[Event "BCF-chT1b 1516 (4NCL)"]
[Site "England"]
[Date "2016.03.19"]
[Round "7.186"]
[White "Poobalasingam, Peter"]
[Black "Purton, Benjamin"]
[Result "1-0"]
[WhiteElo "2239"]
[BlackElo "2144"]
[PlyCount "127"]
[EventDate "2015.11.14"]
[EventType "team-swiss"]
[EventRounds "11"]
[EventCountry "ENG"]
[SourceTitle "CBM 171 Extra"]
[Source "ChessBase"]
[SourceDate "2016.04.26"]
[SourceVersion "1"]
[SourceVersionDate "2016.04.26"]
[SourceQuality "1"]
[WhiteTeam "Barbican II"]
[BlackTeam "Grantham Sharks"]
[WhiteTeamCountry "ENG"]
[BlackTeamCountry "ENG"]

1. e4 c5 2. Nf3 d6 3. d4 cxd4 4. Nxd4 Nf6 5. f3 e5 6. Nb5 Be6 7. c4 a6 8. N5a3 Be7 9. Be2 0-0 10. 0-0 Nc6 11. Be3 Nh5 12. g3 f5 13. exf5 Bxf5 14. Nc3 Nf6 15. Qd2 Qe8 16. Bd3 Qg6 17. Bxf5 Qxf5 18. Nc2 Rfd8 19. Bb6 Rd7 20. Ne3 Qg5 21. Rad1 Bd8 22. Ned5 Nxd5 23. Nxd5 Qxd2 24. Rxd2 Ne7 25. Nxe7+ Bxe7 26. Rfd1 Rc8 27. b3 Rc6 28. Be3 Rdc7 29. a4 Kf7 30. Rd5 Ke6 31. Kf2 Rc8 32. Ke2 g6 33. Rf1 Rf8 34. f4 h5 35. Rf3 Rf5 36. fxe5 dxe5 37. Rd1 Rc8 38. Rdf1 Rd8 39. h3 Rdf8 40. Bd2 Bc5 41. g4 hxg4 42. hxg4 Rxf3 43. Rxf3 Rh8 44. Bg5 Be7 45. Bxe7 Kxe7 46. g5 Rh5 47. Rf6 Rxg5 48. Rb6 Rg3 49. b4 Rc3 50. Rxb7+ Kd8 51. c5 Kc8 52. Rb6 a5 53. b5 Rxc5 54. Ra6 Rc4 55. Rxa5 Rb4 56. Ra6 Kb7 57. Kd3 g5 58. Kc3 Rf4 59. a5 g4 60. Rb6+ Ka7 61. Rg6 Ra4 62. Rg7+ Kb8 63. a6 g3 64. Kb3 1-0

[Event "BCF-chT2a 1516 (4NCL)"]
[Site "England"]
[Date "2016.02.14"]
[Round "6.223"]
[White "Purton, Benjamin"]
[Black "Stewart, Ashley"]
[Result "1/2-1/2"]
[WhiteElo "2185"]
[BlackElo "2068"]
[PlyCount "51"]
[EventDate "2015.11.14"]
[EventType "team-tourn"]
[EventRounds "7"]
[EventCountry "ENG"]
[SourceTitle "CBM 170 Extra"]
[Source "ChessBase"]
[SourceDate "2016.02.25"]
[SourceVersion "1"]
[SourceVersionDate "2016.02.25"]
[SourceQuality "1"]
[WhiteTeam "Grantham Sharks II"]
[BlackTeam "Barbican Youth"]
[WhiteTeamCountry "ENG"]
[BlackTeamCountry "ENG"]

1. e4 c5 2. Nf3 g6 3. c4 Nc6 4. Nc3 Bg7 5. g3 d6 6. Bg2 Bg4 7. h3 Bxf3 8. Bxf3 Nf6 9. d3 0-0 10. 0-0 a6 11. Bg2 Rb8 12. f4 Ne8 13. Bd2 h5 14. Rb1 Nc7 15. Be1 Ne6 16. b3 Ned4 17. Ne2 b5 18. Bf2 a5 19. Kh2 Qd7 20. Nxd4 Nxd4 21. Re1 Bh6 22. Bxd4 cxd4 23. Bf3 Rb6 24. Qe2 f6 25. Qg2 Kg7 26. Bd1 1/2-1/2

[Event "4NCL-chT rapid"]
[Site "Daventry"]
[Date "2014.10.04"]
[Round "2.1"]
[White "Pritchett, Craig William"]
[Black "Purton, Benjamin"]
[Result "0-1"]
[WhiteElo "2315"]
[BlackElo "2142"]
[PlyCount "124"]
[EventDate "2014.10.04"]
[EventType "team-swiss (rapid)"]
[EventRounds "7"]
[EventCountry "ENG"]
[SourceTitle "CBM 162 Extra"]
[Source "ChessBase"]
[SourceDate "2014.10.17"]
[SourceVersion "1"]
[SourceVersionDate "2014.10.17"]
[SourceQuality "1"]
[WhiteTeam "Barbican"]
[BlackTeam "Grantham II"]
[WhiteTeamCountry "ENG"]
[BlackTeamCountry "ENG"]

1. c4 Nf6 2. Nc3 c5 3. Nf3 Nc6 4. d4 cxd4 5. Nxd4 g6 6. e4 d6 7. Be2 Bg7 8. Be3 0-0 9. 0-0 Bd7 10. Qd2 Ng4 11. Bxg4 Bxg4 12. Rac1 Bd7 13. Rfd1 f5 14. exf5 gxf5 15. Nde2 Ne5 16. Nd5 Bc6 17. Bg5 Rf7 18. Nef4 Qd7 19. Nh5 Kh8 20. Nxg7 Rxg7 21. Nxe7 Qxe7 22. f4 Nf3+ 23. gxf3 h6 24. Re1 Qf7 25. h4 hxg5 26. hxg5 Bxf3 27. Re3 Qh5 28. Qc3 Qh1+ 29. Kf2 Qg2+ 30. Ke1 Be4 31. Rg3 Qh1+ 32. Kf2 Qh2+ 33. Kf1 Kg8 34. Rd1 Re8 35. Rd2 Qh1+ 36. Kf2 Bc6 37. Rxd6 Qh2+ 38. Kf1 Qe2+ 39. Kg1 Qe4 40. c5 Qe1+ 41. Qxe1 Rxe1+ 42. Kf2 Rc1 43. g6 Rd7 44. Re6 Rc2+ 45. Ke3 Be4 46. Rd6 Rxd6 47. cxd6 Rc6 48. Kd4 Rxd6+ 49. Ke5 Rd3 50. Rg1 Kg7 51. b4 Rd5+ 52. Ke6 Rb5 53. a3 Rb6+ 54. Ke5 Rxg6 55. Rc1 Rc6 56. Rd1 Rc7 57. Kd6 Rc3 58. a4 Rd3+ 59. Rxd3 Bxd3 60. Kc7 Be4 61. a5 a6 62. Kb6 Kg6 0-1

[Event "BCF-chT1c 1314 (4NCL) Promotion pool"]
[Site "England"]
[Date "2014.05.03"]
[Round "9.134"]
[White "Purton, Benjamin"]
[Black "Hammer, Jon Ludvig"]
[Result "0-1"]
[WhiteElo "2146"]
[BlackElo "2612"]
[PlyCount "44"]
[EventDate "2013.11.16"]
[EventType "team-tourn"]
[EventRounds "4"]
[EventCountry "ENG"]
[SourceTitle "EXT 2015"]
[Source "ChessBase"]
[SourceDate "2014.11.20"]
[SourceVersion "1"]
[SourceVersionDate "2014.11.20"]
[SourceQuality "1"]
[WhiteTeam "Grantham Sharks"]
[BlackTeam "Wood Green Hilsmark"]
[WhiteTeamCountry "ENG"]
[BlackTeamCountry "ENG"]

1. e4 e5 2. Nf3 Nc6 3. d4 exd4 4. Nxd4 Bc5 5. Be3 Qf6 6. c3 Nge7 7. g3 d5 8. Bg2 dxe4 9. Nd2 Bxd4 10. cxd4 Be6 11. Nxe4 Qf5 12. 0-0 Bd5 13. f3 0-0 14. Qa4 Rad8 15. Rfd1 Rfe8 16. Bf4 Qd7 17. Nc5 Qc8 18. Qb5 Ng6 19. Rac1 Nxf4 20. gxf4 Ne7 21. Ne4 Ng6 22. f5 Qxf5 0-1

[Event "BCF-chT1a 1314 (4NCL)"]
[Site "England"]
[Date "2013.11.16"]
[Round "1.117"]
[White "Suarez Real, Alberto"]
[Black "Purton, Benjamin"]
[Result "1-0"]
[WhiteElo "2397"]
[BlackElo "2146"]
[PlyCount "97"]
[EventDate "2013.11.16"]
[EventType "team-tourn"]
[EventRounds "7"]
[EventCountry "ENG"]
[SourceTitle "EXT 2015"]
[Source "ChessBase"]
[SourceDate "2014.11.20"]
[SourceVersion "1"]
[SourceVersionDate "2014.11.20"]
[SourceQuality "1"]
[WhiteTeam "Guildford"]
[BlackTeam "Grantham Sharks"]
[WhiteTeamCountry "ENG"]
[BlackTeamCountry "ENG"]

1. e4 e5 2. Nf3 Nc6 3. Nc3 Nf6 4. g3 Bc5 5. Bg2 d6 6. d3 a6 7. Be3 Bxe3 8. fxe3 Bg4 9. h3 Bxf3 10. Qxf3 Ne7 11. g4 c6 12. 0-0-0 Nd7 13. g5 Rf8 14. Qh5 Ng8 15. h4 h6 16. gxh6 Ndf6 17. Qg5 gxh6 18. Qg7 Nh5 19. Qg4 Ngf6 20. Qf3 Rg8 21. Bh3 Rg3 22. Qf2 Qb6 23. d4 Ke7 24. Ne2 Rg6 25. Rhf1 Rf8 26. Qf5 Ng7 27. Qf3 Ngh5 28. Rf2 Qa5 29. Kb1 Rd8 30. Qf5 Ng7 31. Qf3 Ngh5 32. Rdf1 Rf8 33. Qf5 Ng7 34. Qf3 Ngh5 35. Bf5 Rg7 36. Nc1 Rg3 37. Qe2 Rfg8 38. Nb3 Qb6 39. Qe1 Qb5 40. a3 Qb6 41. dxe5 dxe5 42. Qc3 Qc7 43. Qb4+ Ke8 44. Nc5 a5 45. Qxb7 Qxb7 46. Nxb7 Rxe3 47. Nd6+ Ke7 48. Nc4 Reg3 49. Nxe5 1-0

[Event "BCF-chT1d 1213 (4NCL) Demotion pool"]
[Site "England"]
[Date "2013.05.04"]
[Round "9.177"]
[White "Purton, Benjamin"]
[Black "Notkevich, Benjamin Arvola"]
[Result "0-1"]
[WhiteElo "2136"]
[BlackElo "2347"]
[PlyCount "44"]
[EventDate "2012.11.03"]
[EventType "team-tourn"]
[EventRounds "4"]
[EventCountry "ENG"]
[SourceTitle "EXT 2014"]
[Source "ChessBase"]
[SourceDate "2013.11.20"]
[SourceVersion "1"]
[SourceVersionDate "2013.11.20"]
[SourceQuality "1"]
[WhiteTeam "Sambuca Sharks"]
[BlackTeam "Wood Green Hilsmark II"]
[WhiteTeamCountry "ENG"]
[BlackTeamCountry "ENG"]

1. e4 c5 2. Nf3 d6 3. Bb5+ Bd7 4. Bxd7+ Qxd7 5. c4 Nc6 6. 0-0 g6 7. d4 cxd4 8. Nxd4 Bg7 9. Be3 Nf6 10. f3 0-0 11. Nc3 Rfc8 12. Nde2 Qd8 13. Rc1 a6 14. b3 b5 15. Nd5 Nd7 16. Qd2 Kh8 17. Rfd1 e6 18. Ndf4 Nde5 19. c5 dxc5 20. Qxd8+ Rxd8 21. Rxd8+ Rxd8 22. Rxc5 g5 0-1